| 000 | nam a22 a 4500 | ||
|---|---|---|---|
| 999 |
_c421162 _d421162 |
||
| 003 | BLK | ||
| 005 | 20210623124705.0 | ||
| 008 | 200316b bul|||||r ||||||| ||bul|| | ||
| 040 | _aBLK | ||
| 041 |
_aBUL _cBUL |
||
| 080 |
_aКласическа гръцка литература. Старогръцка литература _b821.142 _x-21 _z821.142-21 |
||
| 100 |
_aЕсхил _eпърви автор _91299 |
||
| 139 | _aЕсхил | ||
| 245 | 1 | 0 |
_aОрест _bТрагедия _cЕсхил; прев. от старогр. Александър Балабанов. |
| 257 | _aBGR | ||
| 260 |
_aСофия _bИгнатов _c1937 _fСофия : печ. Василев, [1937] |
||
| 300 |
_a43, IV с. _c15 см |
||
| 380 | _aX | ||
| 490 |
_aБиблиотека за всички _v- 45 _9204437 |
||
| 500 | _aПълното име на прев. Александър Балабанов. | ||
| 700 |
_aБалабанов, Александър _eпрев. _9373164 |
||
| 852 |
_aЦб 8.150.29832 _bО |
||
| 856 | 4 |
_qpdf _u |
|
| 856 | 4 |
_qpdf _u |
|
| 942 |
_cKNG _n0 _s1 |
||
| 944 |
_aCR _c2021-06-23 _kМикаела Микова-Илиева |
||
| 999 | _d553247 | ||